000 00268nam a2200109Ia 4500
008 220204s9999 xx 000 0 und d
082 _a929 A/Z(ELV)
_bHOP;1
100 _aHopkins, Jerry
245 0 _aElvis: A biography
260 _aNew York
_bWarner
_c1975
942 _cBK
999 _c31550
_d31550